Consells per fer front al fred : servei local de teleassistència servei local de teleassistència
Descripción Física:
1 díptic ; il. col. ; 10 x 21 cm.
Materias:
Temperatures baixes -- Aspectes sanitaris
; Salut pública
; Persones grans -- Aspectes sanitaris
; Persones grans -- Atenció domiciliària -- Barcelona (Catalunya : Província)
; Fulletons
Idioma:
Catalán
MARC
| LEADER | 00000nam a22000007a 4500 | ||
|---|---|---|---|
| 001 | 27483 | ||
| 003 | Arxiu | ||
| 005 | 20260324181155.0 | ||
| 008 | 230307b spa||||| |||| 00| 0 cat d | ||
| 017 | |a B 18749-2022 | ||
| 040 | |a agdb |b cat | ||
| 041 | |a cat | ||
| 110 | 1 | |a Barcelona (Catalunya : Província). |b Gerència de Serveis de Benestar Social |9 52907 | |
| 245 | |a Consells per fer front al fred : |b servei local de teleassistència | ||
| 260 | |a Barcelona : |b Diputació de Barcelona. Gerència de Serveis de Benestar Social ; |c 2022 | ||
| 300 | |a 1 díptic ; |b il. col. ; |c 10 x 21 cm. | ||
| 650 | 0 | |9 55911 |a Temperatures baixes |x Aspectes sanitaris | |
| 650 | 0 | |9 37111 |a Salut pública | |
| 650 | 0 | |9 55910 |a Persones grans |x Aspectes sanitaris | |
| 650 | 0 | |a Persones grans |x Atenció domiciliària |z Barcelona (Catalunya : Província) | |
| 655 | 0 | |a Fulletons |9 55858 | |
| 710 | |a Barcelona (Catalunya : Província). |b Àrea d'Igualtat i Sostenibilitat Social |9 55833 | ||
| 942 | |2 udc |c ARXIU |n 1 | ||
| 952 | |0 0 |1 0 |2 udc |4 0 |6 FU74120 |7 1 |9 65506 |a Arxiu |b Arxiu |d 2023-03-07 |l 0 |o FU-74-120 |p 27483 |r 2023-03-07 00:00:00 |w 2023-03-07 |y ARXIU | ||
| 999 | |c 83158 |d 83158 | ||